<?xml version="1.0" encoding="UTF-8"?>
<marc:record xmlns:marc="http://www.loc.gov/MARC21/slim">
   <marc:leader>00000nam a2200000 a 4500</marc:leader>
   <marc:datafield ind1="1" ind2=" " tag="100">
      <marc:subfield code="a">Streicher, Michael</marc:subfield>
      <marc:subfield code="4">aut</marc:subfield>
      <marc:subfield code="e">Verfasser/-in</marc:subfield>
   </marc:datafield>
   <marc:datafield ind1=" " ind2=" " tag="653">
      <marc:subfield code="a">Katze</marc:subfield>
   </marc:datafield>
   <marc:datafield ind1=" " ind2=" " tag="653">
      <marc:subfield code="a">Tierhaltung</marc:subfield>
   </marc:datafield>
   <marc:datafield ind1=" " ind2=" " tag="653">
      <marc:subfield code="a">Katzen ernährung buch Katzenernährung buch Katzenhaltung buch Katzenhaltung mit köpfchen katzenfutter</marc:subfield>
   </marc:datafield>
   <marc:datafield ind1=" " ind2=" " tag="653">
      <marc:subfield code="a">gourmet katzenfutter getreidefreies katzenfutter katzen barfen barf katze barfen katzen was essen katzen</marc:subfield>
   </marc:datafield>
   <marc:datafield ind1=" " ind2=" " tag="653">
      <marc:subfield code="a">katze frisst wenig katzen richtig füttern kochen für katzen fütterungsempfehlung katze katze richtig füttern</marc:subfield>
   </marc:datafield>
   <marc:datafield ind1=" " ind2=" " tag="653">
      <marc:subfield code="a">katzenfutter test katzenhaltung gutes katzenfutter barfen katze wohnungskatzen bestes katzenfutter</marc:subfield>
   </marc:datafield>
   <marc:datafield ind1=" " ind2=" " tag="653">
      <marc:subfield code="a">taurin katze bio katzenfutter katzenfutter ohne getreide katzenernährung katzen füttern katzenratgeber</marc:subfield>
   </marc:datafield>
   <marc:datafield ind1=" " ind2=" " tag="653">
      <marc:subfield code="a">Softcover / Ratgeber/Natur/Hobbytierhaltung</marc:subfield>
   </marc:datafield>
   <marc:datafield ind1=" " ind2=" " tag="653">
      <marc:subfield code="a">Ratgeber</marc:subfield>
   </marc:datafield>
   <marc:datafield ind1="0" ind2="0" tag="245">
      <marc:subfield code="a">Katzen gesund ernähren</marc:subfield>
   </marc:datafield>
   <marc:datafield ind1="0" ind2="0" tag="245">
      <marc:subfield code="c">Streicher, Michael</marc:subfield>
   </marc:datafield>
   <marc:datafield ind1=" " ind2="1" tag="264">
      <marc:subfield code="a">München</marc:subfield>
      <marc:subfield code="b">Gräfe und Unzer</marc:subfield>
      <marc:subfield code="c">2016</marc:subfield>
   </marc:datafield>
   <marc:datafield ind1=" " ind2=" " tag="250">
      <marc:subfield code="a">Aktualisierte Neuausgabe, 1. Auflage</marc:subfield>
   </marc:datafield>
   <marc:datafield ind1="1" ind2=" " tag="520">
      <marc:subfield code="a">Angaben aus der Verlagsmeldung

Katzen gesund ernähren : Rundum gut versorgt / von Michael Streicher

Katzen würden Mäuse kaufen, so viel steht fest. Der Katzenhalter hat jedoch die Qual der Wahl, wenn es um Miezes Futter geht: Welche ist die richtige Ernährungsmethode? Woran erkennt man vollwertiges und gesundes Futter? Alle wichtigen Fragen rund um die artgerechte Ernährung der Samtpfoten beantwortet der Katzenernährungs-Experte Dr. med. vet. Michael Streicher in GU Tierratgeber Katzen gesund ernähren. Er zeigt, dass es gar nicht so schwer ist, den Futternapf ausgewogen zu füllen, und gibt Entscheidungshilfen im Dschungel der Ernährungsmöglichkeiten. Wer seinen Stubentiger besonders verwöhnen möchte, kann die leckeren Rezepte ausprobieren. Außerdem gibt es Tipps, wie man Krankheiten vorbeugt und was bei beim Füttern von kranken Katzen, vierbeinigen Suppenkaspern und kleinen Schwergewichten zu beachten ist. Der Verhaltensdolmetscher erklärt darüber hinaus typische Verhaltensweisen der Katzen im Hinblick auf die Ernährung. Und mit SOS - was tun? ist Hilfe im Notfall garantiert.
</marc:subfield>
   </marc:datafield>
   <marc:datafield ind1=" " ind2=" " tag="020">
      <marc:subfield code="a">9783833852206</marc:subfield>
      <marc:subfield code="9">9783833852206</marc:subfield>
   </marc:datafield>
   <marc:datafield ind1=" " ind2=" " tag="020">
      <marc:subfield code="a">3833852208</marc:subfield>
      <marc:subfield code="9">3833852208</marc:subfield>
   </marc:datafield>
   <marc:datafield ind1=" " ind2=" " tag="041">
      <marc:subfield code="a">ger</marc:subfield>
   </marc:datafield>
   <marc:datafield ind1=" " ind2=" " tag="300">
      <marc:subfield code="a">64 Seiten</marc:subfield>
   </marc:datafield>
</marc:record>
